Фінанси підприємств (Запис № 311008)

МАРК-запис
000 -Лідер
fixed length control field 01583nam a22002777a 4500
001 - Контрольний номер
control field 24726
003 - Ідентифікатор контрольного номера
control field UA-OsUOA
005 - Дата та час останнього входження (трансакції)
control field 20230504161213.0
007 - Фіксоване поле фізичного опису
fixed length control field ta
008 - Елементи даних фіксованої довжини – загальна інформація
fixed length control field 20040301b un ||||| |||| 00| 0 ukr d
020 ## - Міжнародний стандартний книжковий номер (ISBN)
Міжнародний стандартний книжковий номер (ISBN) (НП) 966-8251-01-6
040 ## - Джерело каталогізації
Агенція оригінальної каталогізації UA-OsUOA
Мова каталогізації ukr
Агенція, яка здійснювала перезапис UA-OsUOA
Агенція, яка здійснювала модифікацію UA-OsUOA
041 ## - Код мови
Код мови тексту/ звукової доріжки чи окремого заголовка (П) ukr
044 ## - Код країни видавця/ виробника
Код країни видавця/ виробника (П) UA
080 ## - Індекс Універсальної десяткової класифікації
Індекс Універсальної десяткової класифікації (УДК) (НП) 658.14(477)(075.8)
090 ## - Локальний шифр розміщення
Класифікаційний індекс УДК 658.14(477)(075.8)
Авторський знак (НП) З-99
100 ## - Основне введення – ім’я особи
Ім’я особи (НП) Зятковський І. В.
245 ## - Відомості про назву
Назва (НП) Фінанси підприємств
Решта назви (НП) навчальний посібник
260 ## - Публікація, розповсюдження і т.п. (Вихідні дані)
Місце публікації, розповсюдження і т.п. (П) Київ
Ім’я/ наймення видавництва, розповсюджувача і т.п. (П) Кондор
Дата публікації, розповсюдження і т.п. (П) 2003
300 ## - Фізичний опис
Обсяг 364 с.
520 ## - Резюме і т.п.
Резюме, реферат, анотація, тощо (НП) У навчальному посібнику узагальнено теоретичний і практичний досвід у сфері фінансів промислових підприємств. Висвітлюються питання формування основного й обігового капіталу, грошових надходжень, прибутку, оподаткування, інвестицій, фінансового планування. Наводяться цифрові приклади і розрахунки.<br/>Для студентів економічних спеціальностей вищих навчальних закладів освіти, слухачів інститутів післядипломної освіти та економістів-практиків.
650 #7 - Додаткове предметне введення – тематичний термін
Джерело заголовка чи терміна UDC
942 ## - Додаткові елементи входу (Коха)
Тип елемента Koha Книги
Source of classification or shelving scheme Universal Decimal Classification
955 ## - Код типу видання за змістом
Код типу видання за змістом (НП) інше
Фонди
Стан вилучень Стан втрат Джерело класифікації або схеми стелажів Стан уражень Не для кредиту Постійне місце розташування Поточне розміщення Дата придбання Вартість, звичайна ціна покупки Інвентарний номер Усього замовленно Повний номер виклику Штрих-код Дата останнього перегляду Ціна ефективна від Тип елемента Koha Перевірено Дата останньої перевірки
Withdrawn   Universal Decimal Classification     АБ - Абонемент НБ АБ - Абонемент НБ 01/03/2004 23.82 77936   658.14(477)(075.8) З-99 77936 13/07/2019 01/03/2004 Книги    
    Universal Decimal Classification     АБ - Абонемент НБ АБ - Абонемент НБ 01/03/2004 23.82 77937 1 658.14(477)(075.8) З-99 77937 30/07/2019 01/03/2004 Книги 28/10/2019 30/07/2019
    Universal Decimal Classification     АБ - Абонемент НБ АБ - Абонемент НБ 01/03/2004 23.82 77938   658.14(477)(075.8) З-99 77938 28/12/2021 01/03/2004 Книги    
    Universal Decimal Classification     АБ - Абонемент НБ АБ - Абонемент НБ 01/03/2004 23.82 77939   658.14(477)(075.8) З-99 77939 28/12/2021 01/03/2004 Книги    
    Universal Decimal Classification     ЧЗ - Читальна зала ЧЗ - Читальна зала 01/03/2004 23.82 77928   658.14(477)(075.8) З-99 77928 08/02/2022 01/03/2004 Книги    
    Universal Decimal Classification     ЧЗ - Читальна зала ЧЗ - Читальна зала 01/03/2004 23.82 77929   658.14(477)(075.8) З-99 77929 07/02/2022 01/03/2004 Книги    
    Universal Decimal Classification     ЧЗ - Читальна зала ЧЗ - Читальна зала 01/03/2004 23.82 77930   658.14(477)(075.8) З-99 77930 06/02/2022 01/03/2004 Книги    
    Universal Decimal Classification     ЧЗ - Читальна зала ЧЗ - Читальна зала 18/06/2004 30.00 79742   658.14(477)(075.8) З-99 79742 07/02/2022 01/03/2004 Книги    
    Universal Decimal Classification     ЧЗ - Читальна зала ЧЗ - Читальна зала 16/02/2005 23.58 83149   658.14(477)(075.8) З-99 83149 07/02/2022 01/03/2004 Книги